| 000 | 00784nam a22002177a 4500 | ||
|---|---|---|---|
| 999 |
_c10305 _d10305 |
||
| 003 | AR-CdUCM | ||
| 008 | 190221b ||||| |||| 00| 0 spa d | ||
| 040 |
_aMUNICIPALIDAD PROVINCIAL DEL CUSCO _cBIBLIOTECA MUNICIPAL DEL CUSCO |
||
| 082 |
_aES / 800 / _bD66 _22ed. |
||
| 100 |
_aDickens, Charles _9500 |
||
| 245 | _aHistoria en dos ciudades / | ||
| 260 |
_aBarcelona : _bBruguera, _c1963. |
||
| 300 |
_a255 paginas ; _c20 cm. |
||
| 505 | _aContenido: Charles Dickens, retrato biográfico -- Papeles póstumos del club Pickwick -- Historia en dos ciudades -- Canción de Navidad -- El secreto del ahorcado. | ||
| 650 |
_aCiudades modernas _9501 |
||
| 650 |
_aNavidad _9502 |
||
| 650 |
_aSecreto oculto _9503 |
||
| 650 |
_aClub Pickwick _9504 |
||
| 942 |
_2ddc _cLIBROS |
||
| 945 | _awfj | ||